000 00699cam a22002293a 4500
001 15786
003 PGUSA
005 20140828083334.0
008 050507s2005||||xxu|||||s|||||000 | eng d
040 _aPGUSA
_beng
042 _adc
050 4 _aBS
100 1 _aFranson, Fredrik,
_d1852-1908
245 1 0 _aHimlauret eller det profetiska ordet :
_bHänvisningar. 3 öfversigtstabeller och 1 diagram
_h[electronic resource] /
_cFredrik Franson
260 _bProject Gutenberg,
_c2005
506 _aPublic domain in the USA.
516 _aElectronic text
653 _aBible -- Prophecies
830 0 _aProject Gutenberg
_v15786
856 4 0 _uhttp://www.gutenberg.org/ebooks/15786
942 _cEB
999 _c245041
_d245041